000 00378nam a22001217a 4500
020 _a7119016660
082 _a895.134
_bGUA
245 _aThree Kingdoms:
_bA Historical Novel III /
_cAttributed by Luo Guanzhong ; Translated by Moss Roberts
260 _aBeijing :
_bForeign Languages Press,
_c2006.
300 _a1137-1690 p. ;
_c22 cm.
563 _aHardcover.
942 _2ddc
_cBK
999 _c611352
_d611352